Stochastic ageing and dependence for reliability

Recenzia na publikáciu "Stochastic ageing and dependence for reliability" od Chin-Diew Lai a Min Xie. Základná myšlienka publikácie. Rozdelenie knihy na 11 kapitol s 33 príkladmi. Stručný prehľad jednotlivých kapitol.

Na minha lista:
Detalhes bibliográficos
Autor principal: Horníková, Adriana
Formato: Capítulo de Livro
Idioma:inglês
Assuntos:
Tags: Adicionar Tag
Sem tags, seja o primeiro a adicionar uma tag!

MARC

LEADER 00000nla$a2200000$$$4500
001 0091705
005 20240502083233.1
041 0 |a eng 
044 |a US 
245 1 0 |a Stochastic ageing and dependence for reliability  |c Adriana Horníková 
520 |a Recenzia na publikáciu "Stochastic ageing and dependence for reliability" od Chin-Diew Lai a Min Xie. Základná myšlienka publikácie. Rozdelenie knihy na 11 kapitol s 33 príkladmi. Stručný prehľad jednotlivých kapitol. 
610 2 0 |a recenzie 
610 2 0 |a teória spoľahlivosti 
610 2 0 |a modely ekonomicko-matematické 
610 2 0 |a modely stochastické 
100 1 |a Horníková, Adriana